Follow That Line: '80s Edition Quiz Stats

 Plays Quiz Updated Oct 19, 2015

Challenge
Share
Tweet
Embed
Score 0/30 Timer 12:00
7 Plays Today
% Correct
'I am serious...and don't call me Shirley.'
93.8%
'Wax on, wax off.'
93.8%
'I'm just drawn that way.'
89.3%
'If you don't stop and look around once in a while, you could miss it.'
88.9%
'You killed my father. Prepare to die.'
88.2%
'I know.'
87.9%
'Unicorns. They were unicorns.'
86.8%
'I mean, your destiny.'
86%
'Down here, it's our time.'
85.8%
'Some of us are just better at hiding it, that's all.'
85.5%
'This is my dance space.'
84.6%
'If they were easy, they'd call 'em something else.'
82.4%
'Give them to me, now.'
82.1%
'Bleeding, sir.'
80.7%
'You should get one - they're nice.'
80.5%
% Correct
'You're fat!'
80%
'What did you expect? You're dead.'
79.2%
'All I need are some tasty waves, a cool buzz, and I'm fine.'
78.5%
'We're gonna lose this war.'
78.3%
'Yes. Every morning.'
77.8%
'I'm an American!'
76.4%
'Jesus, does anyone?'
74.7%
'Ray, when someone asks you if you're a God, you say 'YES'!'
72.5%
'Look what you did to him. Look what you did to him!'
71.3%
'Back here there's nothing!'
68.5%
'Next, a feather duster.'
68.4%
'I really like those sequined shirts.'
65.1%
'Someday.'
62.3%
'Remind me of the babe.'
61.9%
'Time to die.'
56.7%

You're not logged in!

Compare scores with friends on all Sporcle quizzes.
Join for Free
OR
Log In

You Might Also Like...

Show Comments

Extras

Top Quizzes Today


Score Distribution

Your Account Isn't Verified!

In order to create a playlist on Sporcle, you need to verify the email address you used during registration. Go to your Sporcle Settings to finish the process.

Report this User

Report this user for behavior that violates our Community Guidelines.

Details: